000 00204nam a22000977a 4500
003 SGT
245 _aINDIAN JOURNAL OF PSYCHIATRY
260 _bI PSYCHIATRY SOCIETY
_c2010
300 _a400
942 _2ddc
_cBV
999 _c19645
_d19645